Thành phần loài Dương Xỉ (Polypodiophyta) ở thành phố Cần Thơ : Báo cáo tổng kết đề tài khoa học và công nghệ cấp Trường

Đề tài thực hiện nhằm điều tra thành phần loài dương xỉ ở TP. Cần Thơ, đồng thời thực hiện tiêu bản hiển vi cố định cấu tạo giải phẩu của thân và cơ quan sinh sản của khoảng 5 loài dương xỉ đại diện....

ver descrição completa

Na minha lista:
Detalhes bibliográficos
Autor principal: Phạm, Thị Bích Thủy
Formato: Livro
Idioma:Undetermined
Publicado em: Cần Thơ Trường Đại học Cần Thơ 2012
Assuntos:
Tags: Adicionar Tag
Sem tags, seja o primeiro a adicionar uma tag!
Thư viện lưu trữ: Trung tâm Học liệu Trường Đại học Cần Thơ
LEADER 01208nam a2200217Ia 4500
001 CTU_203565
008 210402s9999 xx 000 0 und d
082 |a 587.3 
082 |b Th523 
088 |a T2012-72 
100 |a Phạm, Thị Bích Thủy 
245 0 |a Thành phần loài Dương Xỉ (Polypodiophyta) ở thành phố Cần Thơ : 
245 0 |b Báo cáo tổng kết đề tài khoa học và công nghệ cấp Trường 
245 0 |c Phạm Thị Bích Thủy (chủ nhiệm đề tài) ; Phùng Thị Hằng (tham gia thực hiện) 
260 |a Cần Thơ 
260 |b Trường Đại học Cần Thơ 
260 |c 2012 
520 |a Đề tài thực hiện nhằm điều tra thành phần loài dương xỉ ở TP. Cần Thơ, đồng thời thực hiện tiêu bản hiển vi cố định cấu tạo giải phẩu của thân và cơ quan sinh sản của khoảng 5 loài dương xỉ đại diện. 
650 |a Aquatic plants,Cây thủy sinh,Plant physiology,Sinh lý thực vật 
904 |i Qhieu 
980 |a Trung tâm Học liệu Trường Đại học Cần Thơ